00613nam a2200193Ia 450000500170000000800460001703700120006304000210007504100130009608400190010910000260012824500420015426000440019630000120024065000250025294200190027799900210029695201020031720250508152137.0008 250505s9999 xx 000 0 eng d aTextual aFEDL bengcFEDL aeng2eng a372, WARqFEDL aWarner Ruby H9760861 0aChild and his elementary school world aEnglewood Cliffs b Prentice-Hallc1957 ax,406p. aElementary Education cTEXLh372, WAR c1334550d1334550 00104070aFEDLbFEDLd2025-05-08l0o372, WARpEL0016119r2025-05-08 15:21:37w2025-05-08yTEXL